|
|
|
|
| LEADER |
00860nab a2200229 i 4500 |
| 001 |
misc66000 |
| 005 |
20231018142305.0 |
| 008 |
230728s1963 hu o 0|| ger d |
| 040 |
|
|
|a SZTE Miscellanea Repozitórium
|b hun
|
| 041 |
|
|
|a ger
|
| 100 |
2 |
|
|a Németh Gyuláné Sebestyén Irén
|
| 245 |
1 |
0 |
|a Zwei juraksamojedische Reflexive Pronomina
|h [elektronikus dokumentum] /
|c Németh Gyuláné Sebestyén Irén
|
| 260 |
|
|
|a Akadémiai Kiadó
|b Budapest
|c 1963
|
| 300 |
|
|
|a 256-262
|c 24 cm
|
| 300 |
|
|
|a [7] p.
|c 24 cm
|
| 490 |
0 |
|
|a Congressus internationalis fenno-ugristarum : Budapestini habitus 20-24. IX. 1960
|
| 561 |
|
|
|a Németh Gyula hagyaték
|
| 591 |
|
|
|a NOU 5440
|
| 650 |
|
4 |
|a Bölcsészettudományok
|
| 650 |
|
4 |
|a Nyelvek és irodalom
|
| 695 |
|
|
|a Szamojéd nyelvek
|
| 856 |
4 |
0 |
|u http://misc.bibl.u-szeged.hu/66000/1/5440_nou.pdf
|z Dokumentum-elérés
|